| 000 | 00431nam a22001817a 4500 | ||
|---|---|---|---|
| 003 | MPLRDC | ||
| 005 | 20220104113813.0 | ||
| 008 | 210129b ||||| |||| 00| 0 eng d | ||
| 020 | _a7-5399-0178-0 | ||
| 082 | _a857.7 JXT v.15 | ||
| 100 | _a姬小苔 | ||
| 245 |
_a影海情波 _c |
||
| 250 | _a二版一刷 | ||
| 260 |
_a _b江苏文艺出版社 _c1992 |
||
| 300 | _b平 | ||
| 650 | _a长篇小说 | ||
| 942 |
_cBK _o857.7 JXT v.15 |
||
| 999 |
_c2483 _d2473 |
||